00691 a2200193 4500999001500000010001400015020002600029035001300055037001500068082001300083100001800096245009400114260004400208270004700252300003100299500001900330942003300349952011500382 c4251d4251 aENG-86224 a9788120331761c325.00 aEN-69757 bDBAD / PUB14a362.1068 aCarney, Marie1 aHealth service management :cby Marie Carneybculture, consensus and the middle manager / aNew DelhibPrentice-Hall of Indiac2007 aM-97, Connaught CircusbNew Delhie110 001 axxiii, 231p.c24cm. (Pbk) aIncludes index adplcEN2ddch362.1068m CAR 001040718NFICaDBADbDBADeDBAD/PUBg325.00l0o362.1068 CARpEN-69757r2008-09-15 00:00:00t1v325.00yEN